Government Finance Statistics Yearbook 2006

Salvato in:
Dettagli Bibliografici
Ente Autore: International Monetary Fund. Statistics Department
Natura: Libro
Lingua:inglese
Pubblicazione: Washington, D.C. IMF 2006
Soggetti:
Tags: Aggiungi Tag
Nessun Tag, puoi essere il primo ad aggiungerne!!

MARC

LEADER 00000nam a2200000 4500
001 0053399
005 20251218124431.1
020 |a 1-58906-580-8 
022 |a 0250-7374 
041 0 |a eng 
044 |a US 
245 1 0 |a Government Finance Statistics Yearbook 2006 
264 1 |a Washington, D.C.  |b IMF  |c 2006 
300 |a 584 s. 
610 2 0 |a financie 
610 2 0 |a financie štátne 
610 2 0 |a štatistika finančná 
610 2 0 |a politika finančná 
710 2 |a International Monetary Fund. Statistics Department